000 00460nam a2200169Ia 4500
008 230711s9999||||xx |||||||||||||| ||und||
020 _a81-8189-107-4
041 _aENG
082 _a634.049
_bAR-A
100 _aArora, Rajeev
245 0 _aAdaptations and Responses of Woody Plants to Environmental Stresses
250 _a1st Ed.
260 _c2006
_aLucknow
_bInternational Book Distributing Co.
300 _a311p.
650 _aAgriculture
942 _cBK
999 _c7517
_d7517